000 01487nam a22003137a 4500
999 _c21808
_d21808
003 AR-CdUCM
008 190425b ||||| |||| 00| 0 spa d
040 _aMUNICIPALIDAD PROVINCIAL DEL CUSCO
_cBIBLIOTECA MUNICIPAL DEL CUSCO
082 _aRev.Allp/N°7/1974
110 _aInstituto de Pastoral Andina
_912766
245 _aAllpanchis Phuturinqa :
_bRevista Anual /
260 _aCusco :
_bSalesiana,
_c1974.
300 _a244 páginas. :
_bilustraciones ;
_c20 cm.
440 _aRevista del Instituto de Pastoral Andina Cusco
_nAño [ ], [ ] semestre de 1974, N°7. Vol. VII
_946193
500 _aLa fiesta en los andes
505 _aContenido: La fiesta en los andes. -- La representación andina del tiempo y del espacio en la fiesta. Oswaldo Urbano. -- Taytacha Qoyllur Rit'i. David Gow. -- La peregrinación andina. Michael Sallnow. -- igualdad y vergüenza en la fiesta. Sean Conlin. -- Santa Vera Cruz Tatita. Xavier Albó. -- La teología Litúrgica y la pastoral de nuestras fiestas religiosas. Rodrigo Sánchez Arjona.
650 _aCultura andina
_946160
650 _aAntropología cusqueña
_945862
650 _aReligiosidad andina
_944127
650 _aConstumbres y tradiciones
_946161
650 _aRitos andinos
_96634
700 _aUrbano, H. Oswaldo
_946190
700 _aGow, David D.
_946194
700 _aSallnow, Michael J.
_946195
700 _aAlbó, Xavier
_946196
700 _aSánchez Arjona, Rodrigo
_946197
942 _2ddc
_cPP
945 _arac